Práce predchádzajúce uzatváraniu účtovných kníh
Práce spojené s prípravou účtovnej uzávierky - počiatočné stavy a ich kontrola, kontrola účtu 431 - hospodársky výsledok v schvalovacom konaní, účty, ktoré nesmú vykazovať k dátumu účtovnej závierky zostatok, ročné vysporiadanie DPH, inventarizácia majetku a záväzkov, položky časového rozlíšenia-prí...
Gespeichert in:
| Format: | Buchkapitel |
|---|---|
| Sprache: | Slowakisch |
| Schlagworte: | |
| Tags: |
Keine Tags, Fügen Sie das erste Tag hinzu!
|
MARC
| LEADER | 00000naa a2200000 4500 | ||
|---|---|---|---|
| 001 | r043729 | ||
| 005 | 20230925125258.1 | ||
| 041 | 0 | |a slo | |
| 044 | |a SK | ||
| 245 | 1 | 0 | |a Práce predchádzajúce uzatváraniu účtovných kníh |
| 520 | |a Práce spojené s prípravou účtovnej uzávierky - počiatočné stavy a ich kontrola, kontrola účtu 431 - hospodársky výsledok v schvalovacom konaní, účty, ktoré nesmú vykazovať k dátumu účtovnej závierky zostatok, ročné vysporiadanie DPH, inventarizácia majetku a záväzkov, položky časového rozlíšenia-príklad. | ||
| 610 | 2 | 0 | |a účtovníctvo |
| 610 | 2 | 0 | |a uzávierka účtovná |
| 610 | 2 | 0 | |a uzávierka ročná |
| 610 | 2 | 0 | |a závierka účtovná |
| 610 | 2 | 0 | |a účty |
| 610 | 2 | 0 | |a výsledok hospodársky |
| 610 | 2 | 0 | |a inventarizácia |
| 610 | 2 | 0 | |a úpravy právne |